Historical development of accounting in context of the world`s development
Pohľad na historický vývoj účtovníctva. Pojem a význam účtovníctva. Účtovné sústavy používané v histórii.
Salvato in:
| Autore principale: | |
|---|---|
| Natura: | Capitolo di libro |
| Lingua: | inglese |
| Soggetti: | |
| Tags: |
Nessun Tag, puoi essere il primo ad aggiungerne!!
|
MARC
| LEADER | 00000naa a2200000 4500 | ||
|---|---|---|---|
| 001 | 0126611 | ||
| 005 | 20231128130832.7 | ||
| 041 | 0 | |a eng | |
| 044 | |a CZ | ||
| 245 | 1 | 0 | |a Historical development of accounting in context of the world`s development |c Radka Adámková |
| 520 | |a Pohľad na historický vývoj účtovníctva. Pojem a význam účtovníctva. Účtovné sústavy používané v histórii. | ||
| 610 | 2 | 0 | |a účtovníctvo |
| 610 | 2 | 0 | |a história |
| 610 | 2 | 0 | |a systémy účtovné |
| 610 | 2 | 0 | |a pojmy |
| 100 | 1 | |a Adámková, Radka | |